LGDC : Chefs du Clan de la Rivière - Statistiques

Statistiques générales
  • Ce quiz a été pris 4 fois
  • Le résultat moyen est 7 sur 17
Statistiques - réponses
Réponse % Correct
Etoile de la Rivière
100%
Etoile du Léopard
100%
Etoile Balafrée
75%
Etoile de Brume
75%
Etoile de Roseau
50%
Etoile Ambrée
25%
Etoile de Bouleau
25%
Etoile de Givre
25%
Etoile de Grêle
25%
Etoile de l'Abysse
25%
Etoile de l'Abysse
25%
Etoile de Lierre
25%
Etoile de Nuit
25%
Etoile de Saule
25%
Etoile de Serre
25%
Etoile de Truite
25%
Etoile du Campagnol
25%
Aucun quiz correspondant
Distribution des résultats
% des personnes avec chaque résultat
Percentile par nombre de réponses
Votre historique - résultats
Vous n’avez pas pris ce quiz